[Event "SWE-chT 2324 Elite"]
[Site "Sweden"]
[Date "2023.10.15"]
[Round "3.3"]
[White "Penalver, Osmani"]
[Black "Vaarala, Eric"]
[Result "1-0"]
[WhiteElo "2294"]
[BlackElo "2293"]
[PlyCount "104"]
[EventDate "2023.10.13"]
[EventType "team-tourn"]
[EventRounds "9"]
[EventCountry "SWE"]
[SourceTitle "Mega2024 Update 01"]
[Source "Chessbase"]
[SourceDate "2023.11.12"]
[SourceVersion "1"]
[SourceVersionDate "2023.11.12"]
[SourceQuality "1"]
[WhiteTeam "Limhamn"]
[BlackTeam "Vasteras"]
[WhiteTeamCountry "SWE"]
[BlackTeamCountry "SWE"]

1. d4 d5 2. c4 c6 3. Nf3 e6 4. Nc3 f5 5. g3 Nf6 6. Bg2 Be7 7. 0-0 0-0 8. b3 Ne4 9. Bb2 Nd7 10. e3 Nxc3 11. Bxc3 b6 12. Qd3 Ba6 13. Rfd1 Rc8 14. Rac1 Bd6 15. Bb2 Qe7 16. Qb1 g5 17. Bf1 Bb7 18. Ne5 Nxe5 19. dxe5 Bb8 20. f4 h5 21. c5 Rf7 22. b4 Rg7 23. Kf2 h4 24. Bd4 Bc7 25. Bd3 Bd8 26. Rg1 g4 27. Qc2 Qf8 28. a4 Be7 29. a5 b5 30. a6 Ba8 31. Qa2 Qf7 32. gxh4 Qh5 33. Kf1 Qxh4 34. Qf2 Qxf2+ 35. Kxf2 Rh7 36. Rg2 Rh3 37. Rh1 Kf7 38. Bf1 Rch8 39. Kg1 R8h7 40. Rc2 R3h6 41. h3 Bh4 42. Bxb5 cxb5 43. c6 Bxc6 44. Rxc6 Ke8 45. Rc8+ Bd8 46. Ra8 gxh3 47. Bxa7 h2+ 48. Kf2 Kd7 49. Bc5 Rh8 50. Kf1 Bc7 51. Rxh8 Rxh8 52. a7 Kc6 1-0

[Event "SWE-chT 1819 Elite"]
[Site "Sweden"]
[Date "2018.11.11"]
[Round "3.3"]
[White "Karlsson, Tomas"]
[Black "Vaarala, Eric"]
[Result "1-0"]
[WhiteElo "2289"]
[BlackElo "2320"]
[PlyCount "91"]
[EventDate "2018.11.09"]
[EventType "team-tourn"]
[EventRounds "9"]
[EventCountry "SWE"]
[SourceTitle "CBM 187 Extra"]
[Source "ChessBase"]
[SourceDate "2018.11.04"]
[SourceVersion "1"]
[SourceVersionDate "2018.11.04"]
[SourceQuality "1"]
[WhiteTeam "Norrkoping Schack 08"]
[BlackTeam "Vasteras"]
[WhiteTeamCountry "SWE"]
[BlackTeamCountry "SWE"]

1. e4 c5 2. Nf3 e6 3. d4 cxd4 4. Nxd4 Nf6 5. Nc3 Nc6 6. Nxc6 bxc6 7. Bd3 d5 8. Qe2 Be7 9. 0-0 d4 10. Nb1 c5 11. Nd2 Qc7 12. Nc4 Nd7 13. e5 Bb7 14. Bd2 Nb6 15. Nxb6 axb6 16. Bb5+ Bc6 17. c3 dxc3 18. Bxc3 0-0 19. a4 Bd5 20. Qg4 Rfd8 21. f4 Be4 22. Qe2 Qb7 23. Rfe1 Bg6 24. b3 h5 25. Red1 h4 26. h3 Be4 27. Be1 Bd5 28. Rab1 Qc7 29. Bd3 c4 30. bxc4 Bb7 31. f5 exf5 32. Bxf5 g6 33. Bc2 Re8 34. Bc3 Rac8 35. Bd3 Qc6 36. Qg4 Rcd8 37. Kh1 Rxd3 38. Rxd3 Bc8 39. e6 Bxe6 40. Qd4 f6 41. Rxb6 Qxc4 42. Qxc4 Bxc4 43. Re3 Kf7 44. Bxf6 Bxf6 45. Rxe8 Kxe8 46. Rxf6 1-0

[Event "SWE-chT 1819 Elite"]
[Site "Sweden"]
[Date "2018.11.10"]
[Round "2.4"]
[White "Jogstad, Martin"]
[Black "Vaarala, Eric"]
[Result "0-1"]
[WhiteElo "2274"]
[BlackElo "2320"]
[PlyCount "150"]
[EventDate "2018.11.09"]
[EventType "team-tourn"]
[EventRounds "9"]
[EventCountry "SWE"]
[SourceTitle "CBM 189 Extra"]
[Source "ChessBase"]
[SourceDate "2019.06.03"]
[SourceVersion "1"]
[SourceVersionDate "2019.06.03"]
[SourceQuality "1"]
[WhiteTeam "Lunds"]
[BlackTeam "Vasteras"]
[WhiteTeamCountry "SWE"]
[BlackTeamCountry "SWE"]

1. d4 d5 2. c4 c6 3. Nf3 e6 4. g3 f5 5. Bf4 Nf6 6. Bg2 Be7 7. 0-0 0-0 8. Nc3 Ne4 9. Ne5 Bf6 10. Qb3 Qb6 11. Bxe4 fxe4 12. Qxb6 axb6 13. h4 Nd7 14. Nxd7 Bxd7 15. Rfd1 Rf7 16. Bc7 Ra6 17. Rac1 Be8 18. Bd6 Rd7 19. Ba3 Bh5 20. Kg2 Kf7 21. Kh3 Ke8 22. g4 Bf7 23. e3 h5 24. g5 Bd8 25. Ne2 Bg6 26. Nf4 Bf5+ 27. Kg3 Bg4 28. Rd2 Bc7 29. Rdc2 Rf7 30. Ra1 Rf5 31. cxd5 exd5 32. Bb4 Kd7 33. a4 b5 34. b3 bxa4 35. bxa4 Rf7 36. Rb2 Kc8 37. a5 b6 38. Rba2 bxa5 39. Bxa5 Bb8 40. Bc3 Rxa2 41. Rxa2 Rb7 42. Rb2 Ra7 43. Bb4 Rb7 44. Ba3 Rxb2 45. Bxb2 Bd6 46. Bc3 Kb7 47. Kg2 Ka6 48. Kg3 Kb5 49. Be1 Bc7 50. Bc3 Kc4 51. Bd2 g6 52. Be1 Bf5 53. Bd2 Bb6 54. Be1 c5 55. dxc5 Bxc5 56. Ba5 Bd6 57. Bb6 Be5 58. Bd8 d4 59. exd4 Bxd4 60. Bf6 Bb6 61. Ng2 Kd3 62. Nf4+ Kd2 63. Nd5 Bc5 64. Be5 Be6 65. Nf4 Bf7 66. Nh3 Ke2 67. Bc7 Kf1 68. Nf4 Bxf2+ 69. Kh3 Be8 70. Nd5 Bd7+ 71. Kh2 e3 72. Ne7 e2 73. Ba5 Bc5 74. Nxg6 Bd6+ 75. Kh1 Bc6# 0-1

[Event "SWE-chT 1718 Superettan"]
[Site "Sweden"]
[Date "2018.02.04"]
[Round "6"]
[White "Vaarala, Eric"]
[Black "Suarez Garcia, Carlos"]
[Result "1/2-1/2"]
[WhiteElo "2284"]
[BlackElo "2473"]
[PlyCount "44"]
[EventDate "2017.10.20"]
[EventType "team-tourn"]
[EventRounds "9"]
[EventCountry "SWE"]
[SourceTitle "EXT 2019"]
[Source "ChessBase"]
[SourceDate "2018.10.10"]
[SourceVersion "1"]
[SourceVersionDate "2018.10.10"]
[SourceQuality "1"]
[WhiteTeam "Vasteras"]
[BlackTeam "Wasa"]
[WhiteTeamCountry "SWE"]
[BlackTeamCountry "SWE"]

1. d4 d6 2. e4 Nf6 3. f3 d5 4. e5 Nfd7 5. f4 c5 6. Nf3 Nc6 7. Nc3 e6 8. Ne2 a6 9. c3 b5 10. Be3 Be7 11. g3 b4 12. cxb4 cxb4 13. Nc1 a5 14. Bd3 Nb6 15. Qe2 a4 16. 0-0 Nc4 17. Bf2 g6 18. b3 axb3 19. Nxb3 Ba6 20. Rfc1 N6a5 21. Nc5 Bb5 22. Rab1 Bxc5 1/2-1/2

[Event "SWE-chT 1516"]
[Site "Sweden"]
[Date "2016.03.19"]
[Round "8.3"]
[White "Vaarala, Eric"]
[Black "Jepson, Christian"]
[Result "0-1"]
[WhiteElo "2298"]
[BlackElo "2425"]
[PlyCount "48"]
[EventDate "2015.11.06"]
[EventType "team-tourn"]
[EventRounds "9"]
[EventCountry "SWE"]
[SourceTitle "EXT 2017"]
[Source "ChessBase"]
[SourceDate "2016.10.25"]
[SourceVersion "1"]
[SourceVersionDate "2016.10.25"]
[SourceQuality "1"]
[WhiteTeam "Vasteras"]
[BlackTeam "Limhamn"]
[WhiteTeamCountry "SWE"]
[BlackTeamCountry "SWE"]

1. Nf3 d5 2. e3 Nf6 3. b3 g6 4. Bb2 Bg7 5. c4 0-0 6. Nc3 b6 7. Rc1 c5 8. cxd5 Nxd5 9. d4 cxd4 10. Nxd4 Bb7 11. Be2 Nxc3 12. Bxc3 Bxg2 13. Rg1 Bb7 14. Nf5 Bxc3+ 15. Rxc3 Be4 16. Nh6+ Kg7 17. Qa1 f6 18. Rg4 Bd5 19. Rd4 Qd6 20. e4 Qxh2 21. Ng4 Qg1+ 22. Bf1 Qxg4 23. Rg3 Qe6 24. Bh3 Qe5 0-1

[Event "Vaxjo op"]
[Site "Vaxjo"]
[Date "2015.02.15"]
[Round "7"]
[White "Vaarala, Eric"]
[Black "Berglind, Axel"]
[Result "1-0"]
[WhiteElo "2304"]
[BlackElo "2047"]
[PlyCount "63"]
[EventDate "2015.02.13"]
[EventType "swiss"]
[EventRounds "8"]
[EventCountry "SWE"]
[SourceTitle "CBM 164 Extra"]
[Source "ChessBase"]
[SourceDate "2015.03.02"]
[SourceVersion "1"]
[SourceVersionDate "2015.03.02"]
[SourceQuality "1"]

1. Nf3 d5 2. c4 c6 3. cxd5 cxd5 4. d4 Nf6 5. Nc3 Nc6 6. Bf4 e6 7. e3 Be7 8. Bd3 a6 9. 0-0 h6 10. Rc1 Bd6 11. Na4 0-0 12. a3 Bxf4 13. exf4 Ne4 14. Re1 f5 15. Bb1 Bd7 16. Nc5 b6 17. Nxe6 Bxe6 18. Rxc6 Bd7 19. Rc1 Be8 20. Qb3 Kh8 21. Ba2 Qf6 22. Ne5 Rd8 23. f3 Nd2 24. Qd3 Nc4 25. Bxc4 dxc4 26. Qxc4 Bb5 27. Qb4 Rg8 28. Rc7 Be8 29. Rb7 Rd6 30. Rb8 g5 31. fxg5 Qxg5 32. Nf7+ 1-0

[Event "Vaxjo op"]
[Site "Vaxjo"]
[Date "2015.02.14"]
[Round "5"]
[White "Vaarala, Eric"]
[Black "Sundqvist, Jan Ove"]
[Result "1/2-1/2"]
[WhiteElo "2304"]
[BlackElo "1934"]
[PlyCount "74"]
[EventDate "2015.02.13"]
[EventType "swiss"]
[EventRounds "8"]
[EventCountry "SWE"]
[SourceTitle "CBM 164 Extra"]
[Source "ChessBase"]
[SourceDate "2015.03.02"]
[SourceVersion "1"]
[SourceVersionDate "2015.03.02"]
[SourceQuality "1"]

1. d4 f5 2. Nf3 Nf6 3. Qd3 e6 4. c4 d5 5. Nc3 c6 6. g3 Be7 7. Bg2 0-0 8. 0-0 Ne4 9. Ne5 Nd7 10. Nxd7 Bxd7 11. Bf4 a6 12. f3 Nxc3 13. bxc3 b5 14. c5 Bg5 15. Bd6 Be7 16. e4 Be8 17. Bxe7 Qxe7 18. exf5 exf5 19. Rae1 Qf6 20. Re5 Bd7 21. f4 Rae8 22. a4 Rxe5 23. fxe5 Qg5 24. h4 Qe7 25. Bh3 g6 26. axb5 axb5 27. Ra1 Be6 28. Qf3 Qb7 29. Qf4 Kg7 30. h5 Qe7 31. h6+ Kg8 32. Ra6 g5 33. Qc1 f4 34. g4 Bd7 35. Ra7 Qe6 36. Kh2 Rd8 37. Qa1 Qxh6 1/2-1/2

[Event "Vaxjo op"]
[Site "Vaxjo"]
[Date "2015.02.13"]
[Round "2"]
[White "Eriksson, Lennarth"]
[Black "Vaarala, Eric"]
[Result "0-1"]
[WhiteElo "2009"]
[BlackElo "2304"]
[PlyCount "90"]
[EventDate "2015.02.13"]
[EventType "swiss"]
[EventRounds "8"]
[EventCountry "SWE"]
[SourceTitle "CBM 164 Extra"]
[Source "ChessBase"]
[SourceDate "2015.03.02"]
[SourceVersion "1"]
[SourceVersionDate "2015.03.02"]
[SourceQuality "1"]

1. c4 e5 2. Nc3 Nc6 3. g3 g6 4. Bg2 Bg7 5. Nf3 Nge7 6. d3 d6 7. 0-0 0-0 8. a3 a5 9. Bd2 h6 10. Rb1 f5 11. b4 axb4 12. axb4 Nd4 13. Ne1 c6 14. e3 Ne6 15. Ra1 Rxa1 16. Qxa1 Kh7 17. Qa7 d5 18. c5 d4 19. Na4 dxe3 20. fxe3 e4 21. Nb6 exd3 22. Qa2 Ng5 23. Nxc8 Nxc8 24. Qc4 Qd7 25. h4 Nf7 26. h5 Ne5 27. hxg6+ Kxg6 28. Qf4 Ne7 29. e4 Kh7 30. exf5 Nd5 31. Qe4 Bf6 32. Nxd3 Nxb4 33. Qxb4 Nxd3 34. Qe4 Nxc5 35. Qe2 Qd3 36. Qh5 Qxd2 37. Qg6+ Kh8 38. Rf4 Qd7 39. Qxh6+ Kg8 40. Rg4+ Bg7 41. Qg5 Rxf5 42. Qg6 Rf6 43. Qg5 Qd1+ 44. Kh2 Rh6+ 45. Bh3 Rxh3+ 0-1

[Event "Vaxjo op"]
[Site "Vaxjo"]
[Date "2015.02.13"]
[Round "1"]
[White "Vaarala, Eric"]
[Black "Westerlund, Ola"]
[Result "1-0"]
[WhiteElo "2304"]
[BlackElo "1875"]
[PlyCount "73"]
[EventDate "2015.02.13"]
[EventType "swiss"]
[EventRounds "8"]
[EventCountry "SWE"]
[SourceTitle "CBM 164 Extra"]
[Source "ChessBase"]
[SourceDate "2015.03.02"]
[SourceVersion "1"]
[SourceVersionDate "2015.03.02"]
[SourceQuality "1"]

1. d4 d6 2. Nf3 f5 3. c4 Nf6 4. Nc3 g6 5. g3 Bg7 6. Bg2 0-0 7. 0-0 Qe8 8. d5 Na6 9. Nd4 Bd7 10. b3 c5 11. dxc6 bxc6 12. Bb2 Nc7 13. Qd2 Rd8 14. Rac1 h6 15. e3 e5 16. Nde2 Be6 17. Ba3 c5 18. Rcd1 g5 19. e4 f4 20. f3 g4 21. gxf4 Nh5 22. f5 Bxf5 23. exf5 gxf3 24. Bxf3 Rxf5 25. Bg2 Rg5 26. Ne4 Rg6 27. Bxc5 d5 28. cxd5 Rxd5 29. Qc2 Rxc5 30. Qxc5 Ne6 31. Qc4 Kh8 32. N4g3 Nhf4 33. Be4 Nxe2+ 34. Qxe2 Nf4 35. Rxf4 Rxg3+ 36. hxg3 exf4 37. Qf3 1-0

[Event "Lorca op 3rd"]
[Site "Lorca"]
[Date "2014.12.29"]
[Round "6"]
[White "Ibarra Jerez, Jose Carlos"]
[Black "Vaarala, Eric"]
[Result "1-0"]
[WhiteElo "2527"]
[BlackElo "2281"]
[PlyCount "67"]
[EventDate "2014.12.26"]
[EventType "swiss"]
[EventRounds "9"]
[EventCountry "ESP"]
[SourceTitle "CBM 164 Extra"]
[Source "ChessBase"]
[SourceDate "2015.03.02"]
[SourceVersion "1"]
[SourceVersionDate "2015.03.02"]
[SourceQuality "1"]

1. e4 c5 2. Nf3 Nc6 3. Nc3 d6 4. d4 cxd4 5. Nxd4 Nf6 6. Bg5 e6 7. Qd2 a6 8. 0-0-0 Bd7 9. f3 Be7 10. h4 h6 11. Be3 b5 12. Kb1 Nxd4 13. Qxd4 e5 14. Qd2 b4 15. Nd5 Nxd5 16. Qxd5 0-0 17. Qd2 a5 18. Bc4 Be6 19. Bxe6 fxe6 20. Rh3 Kh7 21. g4 Qe8 22. Rg1 Rd8 23. g5 Qh5 24. Qg2 d5 25. gxh6 g6 26. Rg3 dxe4 27. Rxg6 Rd1+ 28. Bc1 Rxg1 29. Rg7+ Kh8 30. Qxg1 Bf6 31. fxe4 Rf7 32. Rg6 Bxh4 33. Rg8+ Kh7 34. Ra8 1-0

[Event "Sitges Sunway op 1st"]
[Site "Sitges"]
[Date "2014.12.21"]
[Round "9"]
[White "Vaarala, Eric"]
[Black "Meister, Peter"]
[Result "0-1"]
[WhiteElo "2281"]
[BlackElo "2408"]
[PlyCount "124"]
[EventDate "2014.12.14"]
[EventType "swiss"]
[EventRounds "9"]
[EventCountry "ESP"]
[SourceTitle "EXT 2016"]
[Source "ChessBase"]
[SourceDate "2015.10.08"]
[SourceVersion "1"]
[SourceVersionDate "2015.10.08"]
[SourceQuality "1"]

1. c4 c5 2. Nc3 g6 3. g3 Nc6 4. Bg2 b6 5. Nf3 Bb7 6. 0-0 Bg7 7. a3 d6 8. b4 Qd7 9. Rb1 Nd4 10. e4 e6 11. Nxd4 cxd4 12. Ne2 Ne7 13. Bb2 e5 14. d3 0-0 15. Bc1 f5 16. Bh3 Kh8 17. b5 Ng8 18. a4 Qe7 19. f3 a5 20. bxa6 Rxa6 21. Bd2 Bc6 22. Rb4 Qa7 23. Qb1 Bxa4 24. exf5 gxf5 25. Qb2 Bc6 26. Rb1 Bxf3 27. Nc1 Bh6 28. Bxh6 Nxh6 29. Rxb6 Rxb6 30. Qxb6 Qe7 31. c5 Nf7 32. cxd6 Nxd6 33. Nb3 f4 34. g4 Be2 35. Nxd4 exd4 36. Qxd4+ Qf6 37. Qxf6+ Rxf6 38. g5 Rg6 39. Rb4 Rxg5+ 40. Kf2 Bxd3 41. Rd4 Bf5 42. Bg2 Rg6 43. Rxf4 Kg7 44. Rd4 Nf7 45. Rb4 Ra6 46. Rb2 Kf6 47. Bb7 Ra3 48. Bd5 Ne5 49. Rb3 Rxb3 50. Bxb3 Kg5 51. Kg3 Ng6 52. Bg8 h5 53. Bf7 h4+ 54. Kf2 Kg4 55. Bc4 Ne5 56. Be2+ Kh3 57. Kg1 Bd3 58. Bh5 Ng4 59. Bf7 Nxh2 60. Be6+ Ng4 61. Bd5 Kg3 62. Bg2 Nf2 0-1

[Event "Sitges Sunway op 1st"]
[Site "Sitges"]
[Date "2014.12.19"]
[Round "7"]
[White "Perez Mitjans, Orelvis"]
[Black "Vaarala, Eric"]
[Result "1-0"]
[WhiteElo "2463"]
[BlackElo "2281"]
[PlyCount "109"]
[EventDate "2014.12.14"]
[EventType "swiss"]
[EventRounds "9"]
[EventCountry "ESP"]
[SourceTitle "EXT 2016"]
[Source "ChessBase"]
[SourceDate "2015.10.08"]
[SourceVersion "1"]
[SourceVersionDate "2015.10.08"]
[SourceQuality "1"]

1. e4 c5 2. Nf3 e6 3. Nc3 Nc6 4. Bb5 Nge7 5. 0-0 a6 6. Bxc6 Nxc6 7. d4 cxd4 8. Nxd4 Qc7 9. Re1 Bd6 10. h3 Nxd4 11. Qxd4 Be5 12. Qd3 b5 13. Be3 Bb7 14. Bd4 Bxd4 15. Qxd4 e5 16. Qd3 0-0 17. Rad1 Rfd8 18. Rd2 b4 19. Nd5 Bxd5 20. Qxd5 Rac8 21. Re3 Qc5 22. Qb7 d6 23. Red3 h6 24. Qxa6 Ra8 25. Qb7 Ra7 26. Qd5 Qxd5 27. Rxd5 Rxa2 28. b3 Rc8 29. Rxd6 Rcxc2 30. Rxc2 Rxc2 31. Rd8+ Kh7 32. Rb8 Rc1+ 33. Kh2 Rc2 34. f3 h5 35. h4 Rb2 36. Rxb4 Kh6 37. Rb6+ f6 38. b4 Kg6 39. b5 Rb1 40. Rb8 Kh7 41. b6 Kg6 42. b7 Kh7 43. g4 hxg4 44. fxg4 Rb4 45. h5 Rb6 46. Kg3 Rb2 47. g5 fxg5 48. Kg4 Rb4 49. Kxg5 Rb6 50. Kf5 Rb5 51. Ke6 Rb6+ 52. Kxe5 Rb4 53. Kd5 Rb5+ 54. Kc6 Rb1 55. Rc8 1-0

[Event "Sitges Sunway op 1st"]
[Site "Sitges"]
[Date "2014.12.14"]
[Round "1"]
[White "Ibragimov, Ildar"]
[Black "Vaarala, Eric"]
[Result "1/2-1/2"]
[WhiteElo "2548"]
[BlackElo "2281"]
[PlyCount "83"]
[EventDate "2014.12.14"]
[EventType "swiss"]
[EventRounds "9"]
[EventCountry "ESP"]
[SourceTitle "EXT 2016"]
[Source "ChessBase"]
[SourceDate "2015.10.08"]
[SourceVersion "1"]
[SourceVersionDate "2015.10.08"]
[SourceQuality "1"]

1. d4 Nf6 2. c4 e6 3. Nc3 d5 4. cxd5 exd5 5. Bg5 Be7 6. e3 0-0 7. Bd3 Re8 8. Qc2 h6 9. Bf4 c6 10. h3 Nbd7 11. Nf3 Bb4 12. 0-0 Bxc3 13. bxc3 c5 14. c4 cxd4 15. Nxd4 Nc5 16. Be2 Ne6 17. Be5 Nxd4 18. Bxd4 Be6 19. c5 Qe7 20. Qb2 Ne4 21. Bxg7 Qg5 22. Bd4 Bxh3 23. Bf3 b6 24. cxb6 axb6 25. Rac1 Re6 26. Bxe4 dxe4 27. f4 exf3 28. Rxf3 Bg4 29. Rf4 Rg6 30. Rc2 Qa5 31. Qc1 Be6 32. Qf1 Qd5 33. Rf6 Qe4 34. Rb2 Rxa2 35. Rxg6+ Qxg6 36. Qb5 Kh7 37. Rxa2 Bxa2 38. Qe5 Qg8 39. Qe4+ Qg6 40. Qa8 Qe6 41. e4 f6 42. Qa7+ 1/2-1/2

[Event "Benidorm op U2300 13th"]
[Site "Benidorm"]
[Date "2014.12.04"]
[Round "7"]
[White "Cappon, John"]
[Black "Vaarala, Eric"]
[Result "1/2-1/2"]
[WhiteElo "2216"]
[BlackElo "2274"]
[PlyCount "41"]
[EventDate "2014.11.28"]
[EventType "swiss"]
[EventRounds "10"]
[EventCountry "ESP"]
[SourceTitle "CBM 163 Extra"]
[Source "ChessBase"]
[SourceDate "2014.12.23"]
[SourceVersion "1"]
[SourceVersionDate "2014.12.23"]
[SourceQuality "1"]

1. e4 c5 2. d4 cxd4 3. c3 dxc3 4. Nxc3 Nc6 5. Nf3 e6 6. Bc4 Bb4 7. 0-0 Bxc3 8. bxc3 Nge7 9. Qd6 0-0 10. Rd1 a6 11. a4 Qa5 12. Bd2 Ng6 13. Be2 Qd8 14. Bg5 f6 15. Be3 Qe7 16. Qd2 f5 17. c4 f4 18. Bb6 Nh4 19. Nxh4 Qxh4 20. f3 Rf6 21. Bc7 1/2-1/2

[Event "Benidorm op U2300 13th"]
[Site "Benidorm"]
[Date "2014.12.01"]
[Round "4"]
[White "Vilanova Corbi, Jorge"]
[Black "Vaarala, Eric"]
[Result "1/2-1/2"]
[WhiteElo "2153"]
[BlackElo "2274"]
[PlyCount "76"]
[EventDate "2014.11.28"]
[EventType "swiss"]
[EventRounds "10"]
[EventCountry "ESP"]
[SourceTitle "CBM 163 Extra"]
[Source "ChessBase"]
[SourceDate "2014.12.23"]
[SourceVersion "1"]
[SourceVersionDate "2014.12.23"]
[SourceQuality "1"]

1. c4 c6 2. e4 e5 3. Nf3 d6 4. d4 Qc7 5. Nc3 Nf6 6. Be2 Bg4 7. Be3 Nbd7 8. h3 Bxf3 9. Bxf3 Be7 10. Qc2 Nf8 11. d5 Ng6 12. g3 h5 13. h4 Ng4 14. Bxg4 hxg4 15. Qe2 Qd7 16. dxc6 bxc6 17. 0-0-0 Qe6 18. c5 dxc5 19. Qa6 0-0 20. h5 Nh8 21. Qa5 f6 22. Bxc5 Nf7 23. Rd2 Rfd8 24. Rhd1 Rxd2 25. Rxd2 Bxc5 26. Qxc5 Kh7 27. b3 Kh6 28. Rd1 a6 29. Qe3+ Ng5 30. Na4 Qe7 31. Nc5 Rd8 32. Rxd8 Qxd8 33. Ne6 Qd6 34. Nxg5 fxg5 35. Qd2 Qf6 36. Kb2 Kxh5 37. a3 Qf3 38. Qc2 g6 1/2-1/2

[Event "Benidorm op U2300 13th"]
[Site "Benidorm"]
[Date "2014.11.29"]
[Round "2"]
[White "Sereinig, Eduard"]
[Black "Vaarala, Eric"]
[Result "0-1"]
[WhiteElo "2145"]
[BlackElo "2274"]
[PlyCount "71"]
[EventDate "2014.11.28"]
[EventType "swiss"]
[EventRounds "10"]
[EventCountry "ESP"]
[SourceTitle "CBM 163 Extra"]
[Source "ChessBase"]
[SourceDate "2014.12.23"]
[SourceVersion "1"]
[SourceVersionDate "2014.12.23"]
[SourceQuality "1"]

1. Nf3 d5 2. c4 c6 3. g3 Nf6 4. Bg2 e6 5. b3 Bd6 6. 0-0 Qe7 7. Bb2 e5 8. cxd5 cxd5 9. Nc3 Bd7 10. d4 e4 11. Ne5 0-0 12. Nxd7 Qxd7 13. f3 e3 14. Qd3 Re8 15. Nd1 Qe7 16. Bc1 Nc6 17. Bxe3 Nb4 18. Qd2 Rac8 19. Rc1 Rxc1 20. Qxc1 Nxa2 21. Qa1 Nb4 22. Qxa7 h5 23. Bf2 Qxe2 24. Qxb7 Qd2 25. Qb6 Bf8 26. Qc7 Nd3 27. Qc3 Qe2 28. Qa1 Bb4 29. h4 Qd2 30. Qa6 Kh8 31. Qb7 Bd6 32. f4 Nxf2 33. Nxf2 Qxd4 34. Qxf7 Re2 35. Bf3 Rxf2 36. Ra1 0-1

[Event "Warsaw Najdorf Memorial op-A 12th"]
[Site "Warsaw"]
[Date "2014.07.15"]
[Round "3"]
[White "Przedmojski, Rafal"]
[Black "Vaarala, Eric"]
[Result "1/2-1/2"]
[WhiteElo "2367"]
[BlackElo "2282"]
[PlyCount "132"]
[EventDate "2014.07.14"]
[EventType "swiss"]
[EventRounds "9"]
[EventCountry "POL"]
[SourceTitle "CBM 161 Extra"]
[Source "ChessBase"]
[SourceDate "2014.08.29"]
[SourceVersion "1"]
[SourceVersionDate "2014.08.29"]
[SourceQuality "1"]

1. e4 c5 2. Nf3 e6 3. c3 d5 4. e5 Nc6 5. d4 Qb6 6. a3 c4 7. Nbd2 Na5 8. Be2 Bd7 9. 0-0 Ne7 10. Ng5 h6 11. Nh3 Nc8 12. Nf4 Be7 13. Nf3 Nb3 14. Rb1 a5 15. Be3 Qc7 16. Nd2 Nxd2 17. Qxd2 a4 18. Nh5 Bf8 19. g4 Ne7 20. f4 0-0-0 21. Rf2 Kb8 22. Rbf1 g6 23. Ng3 h5 24. gxh5 Bh6 25. hxg6 fxg6 26. Rg2 Rdg8 27. Bd1 Qd8 28. Bc2 Be8 29. Qd1 b5 30. Bd2 Nf5 31. Qe1 Nh4 32. Re2 Bf8 33. Rff2 Be7 34. Bd1 Bf7 35. Qf1 Qf8 36. Be3 Be8 37. Rd2 Qh6 38. Rde2 Qh7 39. Kh1 Kc7 40. Qg1 Bf7 41. Bd2 Be8 42. Be3 Bf7 43. Qe1 Be8 44. Qd2 Bf7 45. Re1 Be8 46. Rg1 Qf7 47. Qe2 Rg7 48. Nf1 Rgg8 49. Nd2 Nf5 50. Nf3 Rh3 51. Kg2 Qh7 52. Kf1 g5 53. fxg5 Bh5 54. Qd2 Bxf3 55. Bxf3 Nxe3+ 56. Qxe3 Rxh2 57. Rxh2 Qxh2 58. Rg2 Qh1+ 59. Ke2 Qb1 60. Qd2 Qf5 61. g6 Rxg6 62. Rxg6 Qxg6 63. Kd1 Bg5 64. Qc2 Qxc2+ 65. Kxc2 Kd7 66. Bh5 Ke7 1/2-1/2

[Event "Warsaw Najdorf Memorial op-A 12th"]
[Site "Warsaw"]
[Date "2014.07.14"]
[Round "1"]
[White "Piorun, Kacper"]
[Black "Vaarala, Eric"]
[Result "1-0"]
[WhiteElo "2577"]
[BlackElo "2282"]
[PlyCount "70"]
[EventDate "2014.07.14"]
[EventType "swiss"]
[EventRounds "9"]
[EventCountry "POL"]
[SourceTitle "CBM 161 Extra"]
[Source "ChessBase"]
[SourceDate "2014.08.29"]
[SourceVersion "1"]
[SourceVersionDate "2014.08.29"]
[SourceQuality "1"]

1. e4 c5 2. Nf3 e6 3. d3 Nc6 4. g3 d6 5. Bg2 Nf6 6. 0-0 Be7 7. Nc3 0-0 8. Ng5 Nd4 9. f4 e5 10. h3 Rb8 11. a4 a6 12. Kh2 b5 13. axb5 axb5 14. Ne2 Nxe2 15. Qxe2 Bd7 16. Nf3 Qc7 17. g4 exf4 18. Bxf4 Bc6 19. Qf2 Ra8 20. Qxc5 dxc5 21. Bxc7 Rfc8 22. Bg3 Nd7 23. g5 Nb6 24. Ne5 Be8 25. h4 Rd8 26. Ng4 Na4 27. e5 Rac8 28. b3 Nc3 29. e6 Ne2 30. Be5 Bd6 31. exf7+ Bxf7 32. Ra7 Bxe5+ 33. Nxe5 Bd5 34. Bxd5+ Rxd5 35. Nc6 Kh8 1-0

[Event "Reykjavik op"]
[Site "Reykjavik"]
[Date "2014.03.12"]
[Round "10"]
[White "Vaarala, Eric"]
[Black "Sigeman, Johan"]
[Result "1-0"]
[WhiteElo "2285"]
[BlackElo "2123"]
[PlyCount "95"]
[EventDate "2014.03.04"]
[EventType "swiss"]
[EventRounds "10"]
[EventCountry "ISL"]
[SourceTitle "CBM 159 Extra"]
[Source "ChessBase"]
[SourceDate "2014.04.24"]
[SourceVersion "1"]
[SourceVersionDate "2014.04.24"]
[SourceQuality "1"]

1. c4 e5 2. Nc3 Nc6 3. Nf3 g6 4. d3 Bg7 5. Nd5 d6 6. g3 h6 7. Bg2 Be6 8. e4 Qd7 9. Be3 Nd8 10. h3 c6 11. Rc1 f5 12. Nc3 Ne7 13. b3 c5 14. Qd2 Nf7 15. Nd5 0-0 16. Nh4 Bxd5 17. cxd5 f4 18. gxf4 exf4 19. Bxf4 g5 20. Bf3 Ne5 21. Bxe5 Bxe5 22. Bg4 Qb5 23. Ng2 Ng6 24. Be6+ Kg7 25. h4 Nf4 26. Nxf4 Bxf4 27. Qb2+ Be5 28. Qe2 Qb4+ 29. Kf1 Bf4 30. Rc4 Qd2 31. Qxd2 Bxd2 32. Ke2 Bf4 33. b4 b6 34. hxg5 hxg5 35. d4 Rab8 36. Rc3 Rh8 37. Rxh8 Kxh8 38. bxc5 bxc5 39. dxc5 dxc5 40. Rxc5 Rb2+ 41. Kf3 Rxa2 42. d6 Ra3+ 43. Kg4 Bxd6 44. Rxg5 Ra4 45. Kf5 Ra5+ 46. Bd5 Kh7 47. f4 Be7 48. Rg2 1-0

[Event "Reykjavik op"]
[Site "Reykjavik"]
[Date "2014.03.11"]
[Round "9"]
[White "Colovic, Aleksandar"]
[Black "Vaarala, Eric"]
[Result "1-0"]
[WhiteElo "2493"]
[BlackElo "2285"]
[PlyCount "81"]
[EventDate "2014.03.04"]
[EventType "swiss"]
[EventRounds "10"]
[EventCountry "ISL"]
[SourceTitle "CBM 159 Extra"]
[Source "ChessBase"]
[SourceDate "2014.04.24"]
[SourceVersion "1"]
[SourceVersionDate "2014.04.24"]
[SourceQuality "1"]

1. e4 e6 2. d4 d5 3. e5 c5 4. c3 Bd7 5. Nf3 Qb6 6. Bd3 Nc6 7. dxc5 Bxc5 8. b4 Be7 9. 0-0 Qc7 10. Re1 a5 11. b5 Na7 12. a4 Nc8 13. Be3 Nb6 14. Bd4 Nh6 15. Nbd2 g6 16. c4 Nxc4 17. Nxc4 dxc4 18. Rc1 0-0 19. Rxc4 Qd8 20. Be3 Kg7 21. Rd4 Qe8 22. Be4 Bc8 23. Qc1 Ng8 24. Red1 h6 25. h4 f5 26. exf6+ Bxf6 27. Qc7+ Rf7 28. Qg3 Rd7 29. Ne5 Rxd4 30. Bxd4 Ne7 31. Nxg6 Nxg6 32. h5 e5 33. Bxg6 Qe7 34. Re1 Qb4 35. Be4+ Kf8 36. Bc3 Qe7 37. Bg6 Bd7 38. Bxe5 Bxe5 39. Rxe5 Qf6 40. Re3 Qa1+ 41. Kh2 1-0